New frontiers in feminist political economy (Record no. 13118)

MARC details
000 -LEADER
fixed length control field 02365nam a2200373Ia 4500
001 - CONTROL NUMBER
control field 9781315884745
003 - CONTROL NUMBER IDENTIFIER
control field BD-DhSAU
005 - DATE AND TIME OF LATEST TRANSACTION
control field 20151012151724.0
006 - FIXED-LENGTH DATA ELEMENTS--ADDITIONAL MATERIAL CHARACTERISTICS
fixed length control field m|||||o||d||||||||
007 - PHYSICAL DESCRIPTION FIXED FIELD--GENERAL INFORMATION
fixed length control field cr||||
008 - FIXED-LENGTH DATA ELEMENTS--GENERAL INFORMATION
fixed length control field 131108s2014 nyuad ob 001 0 eng d
020 ## - INTERNATIONAL STANDARD BOOK NUMBER
International Standard Book Number 9781315884745 (e-book : PDF)
040 ## - CATALOGING SOURCE
Original cataloging agency BD-DhSAU
Transcribing agency BD-DhSAU
090 ## - LOCALLY ASSIGNED LC-TYPE CALL NUMBER (OCLC); LOCAL CALL NUMBER (OCLC)
Classification number (OCLC) (R) ; Classification number, CALL (RLIN) (NR) HQ1236
Local cutter number (OCLC) ; Book number/undivided call number, CALL (RLIN) .N47989 20134
092 ## - LOCALLY ASSIGNED DEWEY CALL NUMBER (OCLC)
Classification number 305.42
Item number N532
245 00 - TITLE STATEMENT
Title New frontiers in feminist political economy
Medium [electronic resource] /
Statement of responsibility, etc. edited by Shirin M. Rai and Georgina Waylen.
260 ## - PUBLICATION, DISTRIBUTION, ETC. (IMPRINT)
Place of publication, distribution, etc. New York :
Name of publisher, distributor, etc. Routledge,
Date of publication, distribution, etc. 2014.
300 ## - PHYSICAL DESCRIPTION
Extent xiii, 220 p. :
Other physical details ill.
490 1# - SERIES STATEMENT
Series statement Routledge IAFFE advances in feminist economics ;
Volume/sequential designation 12
504 ## - BIBLIOGRAPHY, ETC. NOTE
Bibliography, etc Includes bibliographical references and index.
505 0# - FORMATTED CONTENTS NOTE
Formatted contents note 1. Feminist political economy : looking back, looking forward / Shirin M. Rai and Georgina Waylen -- 2. Gendered, globalisation and the reproduction of labour : bringing the state back in / Ruth Pearson -- 3. Gender production networks : pushes and pulls on corporate responsibility? / Stephanie Barrientos and Barbara Evers -- 4. The rise of the female breadwinner : reconfigurations of marriage, motherhood, and masculinity in the global economy / Naila Kabeer -- 5. Domesticating (and de-patriarchalizing) the development agenda : a need for greater household (and family) engagement in gender-related policy interventions? / Sylvia Chant and Katherine Brickell -- 6. Addressing/reforming care, but on whose terms? / Shahra Razavi -- 7. Gender as a macro economic variable / Irene Van Staveren -- 8. Gender in economy-wide modelling / Marzia Fontana -- 9. Gender, macroeconomic policy, and the human rights approach to social protection / Radhika Balakrishnan and Sonja Thomas -- 10. Economic crises from the 1980s to the 2010s : a gender analysis / Diane Elson.
530 ## - ADDITIONAL PHYSICAL FORM AVAILABLE NOTE
Additional physical form available note Also available in print edition.
538 ## - SYSTEM DETAILS NOTE
System details note Mode of access: World Wide Web.
650 #0 - SUBJECT ADDED ENTRY--TOPICAL TERM
Topical term or geographic name as entry element Women
General subdivision Government policy.
650 #0 - SUBJECT ADDED ENTRY--TOPICAL TERM
Topical term or geographic name as entry element Social policy.
650 #0 - SUBJECT ADDED ENTRY--TOPICAL TERM
Topical term or geographic name as entry element Sex role.
650 #0 - SUBJECT ADDED ENTRY--TOPICAL TERM
Topical term or geographic name as entry element Women's rights.
655 #7 - INDEX TERM--GENRE/FORM
Genre/form data or focus term Electronic books.
Source of term lcsh
700 1# - ADDED ENTRY--PERSONAL NAME
Personal name Rai, Shirin M.,
Dates associated with a name 1960-
700 1# - ADDED ENTRY--PERSONAL NAME
Personal name Waylen, Georgina.
776 1# - ADDITIONAL PHYSICAL FORM ENTRY
International Standard Book Number 9780415539791 (hardback)
-- 9780415539814 (pbk.)
830 #0 - SERIES ADDED ENTRY--UNIFORM TITLE
Uniform title Routledge IAFFE advances in feminist economics ;
Volume number/sequential designation 12.
856 40 - ELECTRONIC LOCATION AND ACCESS
Uniform Resource Identifier <a href="http://www.tandfebooks.com/isbn/9781315884745">http://www.tandfebooks.com/isbn/9781315884745</a>

No items available.